[Event "EU Corporate-ch"]
[Site "Rotterdam"]
[Date "2022.06.18"]
[Round "3"]
[White "Lambrechts, Koen"]
[Black "Schelvis, Richard"]
[Result "1-0"]
[WhiteElo "2349"]
[BlackElo "2157"]
[PlyCount "63"]
[EventDate "2022.06.18"]
[EventType "team-tourn (rapid)"]
[EventRounds "9"]
[EventCountry "NED"]
[SourceTitle "EXT 2023"]
[Source "ChessBase"]
[SourceDate "2022.10.05"]
[SourceVersion "1"]
[SourceVersionDate "2022.10.05"]
[SourceQuality "1"]

1. e4 c5 2. Nf3 e6 3. d4 cxd4 4. Nxd4 Nf6 5. Qe2 Qb6 6. Nb3 d6 7. g4 Be7 8. g5 Nfd7 9. h4 Nc6 10. Be3 Qc7 11. Nc3 a6 12. a4 Nc5 13. Nxc5 dxc5 14. f4 Nd4 15. Qf2 Qb6 16. 0-0-0 Qa5 17. h5 Bd7 18. Bxd4 cxd4 19. Qxd4 0-0-0 20. Qxg7 Bxa4 21. Bh3 Bb4 22. Nxa4 Qxa4 23. Kb1 Rhf8 24. Rxd8+ Rxd8 25. Qxf7 Kb8 26. Qxe6 Rd6 27. Qe5 Ka8 28. g6 Rc6 29. Rc1 Bc3 30. g7 Bxe5 31. g8Q+ Bb8 32. Bd7 1-0

[Event "Oberliga Nord W 2122"]
[Site "Germany"]
[Date "2021.11.21"]
[Round "3.3"]
[White "Walter, Stefan1111"]
[Black "Lambrechts, Koen"]
[Result "1-0"]
[WhiteElo "2387"]
[BlackElo "2352"]
[PlyCount "71"]
[EventDate "2021.10.10"]
[EventType "team-tourn"]
[EventRounds "9"]
[EventCountry "GER"]
[SourceTitle "EXT 2023"]
[Source "ChessBase"]
[SourceDate "2022.10.05"]
[SourceVersion "1"]
[SourceVersionDate "2022.10.05"]
[SourceQuality "1"]
[WhiteTeam "Lister Turm"]
[BlackTeam "Nordhorn Blanke"]
[WhiteTeamCountry "GER"]
[BlackTeamCountry "GER"]

1. d4 e6 2. Nf3 f5 3. Bf4 Nf6 4. e3 b6 5. Be2 Bb4+ 6. c3 Be7 7. h3 Bb7 8. 0-0 0-0 9. c4 Ne4 10. Nfd2 a5 11. Nxe4 fxe4 12. Nc3 Na6 13. Rc1 Bh4 14. Qc2 c5 15. Bd6 cxd4 16. exd4 e3 17. f3 Nb4 18. Qd1 Qg5 19. a3 Nc6 20. Ne4 Qg6 21. Qd3 Ne7 22. Bxe7 Bxe7 23. Qxe3 d5 24. cxd5 exd5 25. Rc7 dxe4 26. Rxe7 exf3 27. Bxf3 Bxf3 28. Rxf3 Rxf3 29. Qxf3 Rf8 30. Qd5+ Kh8 31. Qe5 h6 32. d5 Kh7 33. d6 Qb1+ 34. Kh2 Qg6 35. d7 Rf2 36. Rxg7+ 1-0

[Event "NED-chT 1516"]
[Site "Netherlands"]
[Date "2015.11.07"]
[Round "3.10"]
[White "Dardha, Arben"]
[Black "Lambrechts, Koen"]
[Result "1-0"]
[WhiteElo "2339"]
[BlackElo "2298"]
[PlyCount "111"]
[EventDate "2015.09.26"]
[EventType "team-tourn"]
[EventRounds "9"]
[EventCountry "NED"]
[SourceTitle "EXT 2017"]
[Source "ChessBase"]
[SourceDate "2016.10.25"]
[SourceVersion "1"]
[SourceVersionDate "2016.10.25"]
[SourceQuality "1"]
[WhiteTeam "Charlois Europoort"]
[BlackTeam "SISSA"]
[WhiteTeamCountry "NED"]
[BlackTeamCountry "NED"]

1. e4 c6 2. d4 d5 3. Nd2 dxe4 4. Nxe4 Bf5 5. Ng3 Bg6 6. h4 h6 7. Nf3 Nd7 8. h5 Bh7 9. Bd3 Bxd3 10. Qxd3 e6 11. Bd2 Ngf6 12. 0-0-0 Be7 13. Kb1 c5 14. Ne4 Qb6 15. Be3 Nxe4 16. Qxe4 0-0 17. dxc5 Nxc5 18. Qg4 Bf6 19. Nd4 Na4 20. Nb3 Qc6 21. Bd4 Bxd4 22. Rxd4 Nb6 23. Rd3 Rac8 24. Nd4 Qc5 25. c3 Rfd8 26. f4 Qf8 27. Re1 Rd5 28. Rg3 Nd7 29. Qh4 Kh8 30. Rge3 Qc5 31. Nb3 Qd6 32. Qf2 Nf6 33. Qf3 Rd8 34. Nd4 b5 35. g4 b4 36. g5 hxg5 37. fxg5 Rxg5 38. h6 bxc3 39. bxc3 Rg6 40. hxg7+ Kxg7 41. Nc6 Rc8 42. Ne5 Rb8+ 43. Ka1 Qa3 44. Qf2 Rg5 45. Rg3 Kf8 46. Nc4 Qc5 47. Qf4 Rb5 48. Rxg5 Qxg5 49. Qd6+ Kg7 50. Qd4 Qh5 51. Nd6 Rf5 52. Ne8+ Kf8 53. Nxf6 Qh2 54. Rb1 a5 55. Rb8+ Qxb8 56. Nd7+ 1-0

[Event "Oberliga NRW 1314"]
[Site "Germany"]
[Date "2013.11.17"]
[Round "3.6"]
[White "Chilla, Jan Eric"]
[Black "Lambrechts, Koen"]
[Result "1/2-1/2"]
[WhiteElo "2129"]
[BlackElo "2267"]
[PlyCount "104"]
[EventDate "2013.09.15"]
[EventType "team-tourn"]
[EventRounds "9"]
[EventCountry "GER"]
[SourceTitle "EXT 2015"]
[Source "ChessBase"]
[SourceDate "2014.11.20"]
[SourceVersion "1"]
[SourceVersionDate "2014.11.20"]
[SourceQuality "1"]
[WhiteTeam "Muenster"]
[BlackTeam "Emsdetten Turm II"]
[WhiteTeamCountry "GER"]
[BlackTeamCountry "GER"]

1. Nf3 d5 2. c4 c6 3. b3 Bf5 4. Bb2 e6 5. g3 Nf6 6. Bg2 h6 7. 0-0 Be7 8. d3 0-0 9. Nbd2 Nbd7 10. a3 a5 11. Ra2 Bh7 12. Qa1 Nc5 13. Bc3 Ne8 14. Rc1 f6 15. cxd5 cxd5 16. Bh3 Ra6 17. Bd4 Nd7 18. Rac2 Qb8 19. Bb2 f5 20. Ne5 Nxe5 21. Bxe5 Bd6 22. Nf3 Nf6 23. Qd4 Bg6 24. Bxf6 gxf6 25. Qe3 Kf7 26. Nd4 Be5 27. f4 Bxd4 28. Qxd4 Kg7 29. Rc7+ Rf7 30. Qc5 Qd8 31. d4 Qd6 32. e3 Rb6 33. Qxd6 Rxd6 34. R7c5 Rb6 35. R1c3 Ra6 36. Bf1 Ra7 37. Bb5 Ra8 38. Kf2 Kf8 39. Ba4 Ke7 40. Rb5 Kd8 41. Rb6 Ra6 42. Rxa6 bxa6 43. Rc6 Rc7 44. Rxe6 Rc2+ 45. Kf1 Bh5 46. Rxf6 Rc1+ 47. Kf2 Rc2+ 48. Ke1 Re2+ 49. Kf1 Rxh2 50. Rxf5 Bf3 51. Bc6 Be4 52. Rxd5+ Kc7 1/2-1/2

[Event "Groningen Atlantis op-A"]
[Site "Groningen"]
[Date "2013.08.24"]
[Round "4"]
[White "Van Velzen, Martin"]
[Black "Lambrechts, Koen"]
[Result "1-0"]
[WhiteElo "1878"]
[BlackElo "2270"]
[PlyCount "83"]
[EventDate "2013.08.22"]
[EventType "swiss"]
[EventRounds "7"]
[EventCountry "NED"]
[SourceTitle "CBM 156 Extra"]
[Source "ChessBase"]
[SourceDate "2013.10.22"]
[SourceVersion "1"]
[SourceVersionDate "2013.10.22"]
[SourceQuality "1"]

1. e4 c5 2. Nc3 a6 3. g3 b5 4. Bg2 Bb7 5. Nge2 b4 6. Nb1 Nf6 7. d3 e6 8. 0-0 d5 9. exd5 Bxd5 10. Bxd5 exd5 11. Nf4 Be7 12. d4 c4 13. c3 a5 14. b3 Nbd7 15. a3 cxb3 16. Qxb3 a4 17. Qd1 b3 18. Qe2 0-0 19. Nd2 Nb6 20. Bb2 Bd6 21. Ng2 Qd7 22. Ne3 Rfe8 23. Qd3 Qc6 24. Qf5 Ne4 25. Nxe4 Rxe4 26. Rfc1 Rae8 27. c4 Rxe3 28. cxd5 Qxd5 29. Qxd5 Nxd5 30. fxe3 Nxe3 31. Rc6 Nc2 32. Rxd6 Nxa1 33. Bxa1 f6 34. Kf2 Rc8 35. Re6 Kf7 36. Re2 Rc1 37. Bb2 Rd1 38. Ke3 Ke6 39. Rd2 Re1+ 40. Kd3 Kd5 41. Kc3 Ke4 42. d5 1-0

[Event "Groningen Atlantis op-A"]
[Site "Groningen"]
[Date "2013.08.23"]
[Round "3"]
[White "Lambrechts, Koen"]
[Black "Ernst, Sipke"]
[Result "0-1"]
[WhiteElo "2270"]
[BlackElo "2560"]
[PlyCount "64"]
[EventDate "2013.08.22"]
[EventType "swiss"]
[EventRounds "7"]
[EventCountry "NED"]
[SourceTitle "CBM 156 Extra"]
[Source "ChessBase"]
[SourceDate "2013.10.22"]
[SourceVersion "1"]
[SourceVersionDate "2013.10.22"]
[SourceQuality "1"]

1. e4 e5 2. Nf3 Nc6 3. d4 exd4 4. Nxd4 Nf6 5. Nxc6 bxc6 6. e5 Qe7 7. Qe2 Nd5 8. c4 Nb6 9. b3 a5 10. Qe3 a4 11. Bb2 d5 12. exd6 Qxe3+ 13. fxe3 cxd6 14. Be2 d5 15. 0-0 Be6 16. Bf3 f6 17. Nc3 a3 18. Bc1 Bb4 19. Ne2 0-0 20. cxd5 Nxd5 21. e4 Bc5+ 22. Kh1 Ne3 23. Bxe3 Bxe3 24. Ng3 g6 25. Rfd1 Rfd8 26. Nf1 Bf4 27. Kg1 Rxd1 28. Bxd1 c5 29. Rb1 Kf8 30. g3 Be5 31. Nd2 Rd8 32. Nf3 Bb2 0-1

[Event "BL2-West 1213"]
[Site "Germany"]
[Date "2012.12.09"]
[Round "4.4"]
[White "Stewart, Neil"]
[Black "Lambrechts, Koen"]
[Result "1/2-1/2"]
[WhiteElo "2264"]
[BlackElo "2245"]
[PlyCount "92"]
[EventDate "2012.10.14"]
[EventType "team-tourn"]
[EventRounds "9"]
[EventCountry "GER"]
[SourceTitle "CBM 154 Extra"]
[Source "ChessBase"]
[SourceDate "2013.06.25"]
[SourceVersion "2"]
[SourceVersionDate "2013.06.25"]
[SourceQuality "1"]
[WhiteTeam "Koblenz"]
[BlackTeam "Nordhorn Blanke"]
[WhiteTeamCountry "GER"]
[BlackTeamCountry "GER"]

1. c4 b6 2. Nc3 Bb7 3. e4 e6 4. Nge2 Nf6 5. d3 d6 6. g3 c5 7. Bg2 Qc7 8. 0-0 Be7 9. h3 0-0 10. f4 a6 11. g4 Rd8 12. f5 exf5 13. Rxf5 Nbd7 14. a4 Ne5 15. Bg5 Ne8 16. Be3 Qd7 17. b3 Nc7 18. Qd2 b5 19. a5 Re8 20. Rff1 Rab8 21. Ng3 g6 22. Rad1 bxc4 23. dxc4 Bc6 24. Qc2 Qc8 25. Nd5 Nxd5 26. exd5 Bd7 27. Bf4 Qc7 28. Bd2 Bh4 29. Qc3 Rb7 30. Bf4 Qb8 31. Rb1 Ba4 32. Ne4 Rxb3 33. Qa1 Nd3 34. Bxd6 Qb4 35. Nf6+ Bxf6 36. Qxf6 Qb7 37. Rxb3 Bxb3 38. Be4 Bxc4 39. Rf3 Bxd5 40. Rxd3 Qb1+ 41. Kh2 Bxe4 42. Rd2 Bd5 43. Bxc5 Qh1+ 44. Kg3 Qe1+ 45. Rf2 Qe5+ 46. Qxe5 Rxe5 1/2-1/2

[Event "Hoogeveen Unive op 15th"]
[Site "Hoogeveen"]
[Date "2011.10.19"]
[Round "6"]
[White "Willemze, Thomas"]
[Black "Lambrechts, Koen"]
[Result "1/2-1/2"]
[WhiteElo "2370"]
[BlackElo "2233"]
[PlyCount "67"]
[EventDate "2011.10.14"]
[EventType "swiss"]
[EventRounds "9"]
[EventCountry "NED"]
[SourceTitle "CBM 144 Extra"]
[Source "ChessBase"]
[SourceDate "2011.10.28"]
[SourceVersion "1"]
[SourceVersionDate "2011.10.28"]
[SourceQuality "1"]

1. e4 c6 2. Ne2 g6 3. g3 Bg7 4. Bg2 d6 5. d4 Bd7 6. 0-0 Na6 7. c4 Qc8 8. Bd2 Bh3 9. Bc3 Bxg2 10. Kxg2 Nf6 11. e5 dxe5 12. dxe5 Ne4 13. e6 Nxc3 14. exf7+ Kxf7 15. Nbxc3 Rf8 16. Qc2 Qf5 17. Qxf5+ gxf5 18. g4 fxg4 19. Ne4 Kg6 20. Rad1 Rad8 21. Kg3 Kf5 22. N2c3 b6 23. f3 Be5+ 24. Kg2 Bxc3 25. Nxc3 Rxd1 26. fxg4+ Kxg4 27. h3+ Kh4 28. Rxd1 Nc5 29. Rd4+ Kg5 30. Kg3 Ne6 31. Rd7 Rd8 32. Rxe7 Rd3+ 33. Kf2 Nf4 34. Rxh7 1/2-1/2

[Event "Hoogeveen Unive op 15th"]
[Site "Hoogeveen"]
[Date "2011.10.14"]
[Round "1"]
[White "Lambrechts, Koen"]
[Black "Sekandar, Kambiz"]
[Result "0-1"]
[WhiteElo "2233"]
[BlackElo "1922"]
[PlyCount "70"]
[EventDate "2011.10.14"]
[EventType "swiss"]
[EventRounds "9"]
[EventCountry "NED"]
[SourceTitle "CBM 144 Extra"]
[Source "ChessBase"]
[SourceDate "2011.10.28"]
[SourceVersion "1"]
[SourceVersionDate "2011.10.28"]
[SourceQuality "1"]

1. e4 c6 2. d4 d5 3. e5 Bf5 4. Nd2 e6 5. Nb3 Nd7 6. Nf3 c5 7. dxc5 Bxc5 8. Nxc5 Qa5+ 9. c3 Qxc5 10. Qa4 Ne7 11. Bg5 Nc6 12. Nd4 Ndxe5 13. Be3 Qd6 14. Nxf5 exf5 15. Be2 0-0 16. Rd1 Rfe8 17. 0-0 Rad8 18. h3 Qf6 19. Rfe1 Ng6 20. Bf3 f4 21. Bxa7 Rxe1+ 22. Rxe1 Nge5 23. Bb6 Nxf3+ 24. gxf3 Rf8 25. Bc5 Rd8 26. Bb6 Rc8 27. Qb5 Qg5+ 28. Kh2 Ne5 29. Rxe5 Qxe5 30. Qd7 Re8 31. Bd4 Qe2 32. Qxd5 Qxb2 33. a4 h6 34. Qd7 Re6 35. Qc7 Qc1 0-1

[Event "Groningen Atlantis IM"]
[Site "Groningen"]
[Date "2011.08.14"]
[Round "7"]
[White "Tate, Alan"]
[Black "Lambrechts, Koen"]
[Result "1/2-1/2"]
[WhiteElo "2342"]
[BlackElo "2255"]
[PlyCount "39"]
[EventDate "2011.08.08"]
[EventType "tourn"]
[EventRounds "9"]
[EventCountry "NED"]
[EventCategory "3"]
[SourceTitle "CBM 143 Extra"]
[Source "ChessBase"]
[SourceDate "2011.08.29"]
[SourceVersion "1"]
[SourceVersionDate "2011.08.29"]
[SourceQuality "1"]

1. e4 c6 2. Ne2 d5 3. e5 c5 4. d4 cxd4 5. Nxd4 e6 6. c4 Nc6 7. Nxc6 bxc6 8. Nc3 Bd7 9. Bd3 Ne7 10. Be3 Qb8 11. f4 Qxb2 12. Bd2 Qb8 13. Rb1 Qc8 14. Qe2 g6 15. cxd5 Nxd5 16. Ne4 Be7 17. Ba6 Qd8 18. 0-0 0-0 19. Qc4 Rb8 20. Nc5 1/2-1/2

[Event "Groningen Atlantis IM"]
[Site "Groningen"]
[Date "2011.08.13"]
[Round "6"]
[White "Lambrechts, Koen"]
[Black "Rietveld, Renze"]
[Result "1/2-1/2"]
[WhiteElo "2255"]
[BlackElo "2248"]
[PlyCount "103"]
[EventDate "2011.08.08"]
[EventType "tourn"]
[EventRounds "9"]
[EventCountry "NED"]
[EventCategory "3"]
[SourceTitle "CBM 143 Extra"]
[Source "ChessBase"]
[SourceDate "2011.08.29"]
[SourceVersion "1"]
[SourceVersionDate "2011.08.29"]
[SourceQuality "1"]

1. e4 c5 2. Nf3 d6 3. d4 cxd4 4. Nxd4 Nf6 5. Nc3 a6 6. Bg5 e6 7. f4 b5 8. e5 dxe5 9. fxe5 Qc7 10. exf6 Qe5+ 11. Be2 Qxg5 12. 0-0 Ra7 13. Qd3 Rd7 14. Ne4 Qe5 15. Nf3 Qxb2 16. Qe3 Bb7 17. Rab1 Qxa2 18. Bxb5 axb5 19. Rxb5 Nc6 20. Rxb7 Rxb7 21. fxg7 Bxg7 22. Nd6+ Ke7 23. Qc5 Qd5 24. Qxd5 exd5 25. Nxb7 Rb8 26. Re1+ Kd7 27. Nc5+ Kd6 28. Nb3 Bf6 29. Rd1 Rb4 30. Nbd2 Na5 31. Kf1 Kc5 32. Ke2 Rb8 33. Rf1 Re8+ 34. Kd1 Bc3 35. Nb1 d4 36. Nfd2 Re7 37. g4 h6 38. h4 f6 39. Rxf6 Nc4 40. Nxc3 Nb2+ 41. Kc1 dxc3 42. Nb3+ Kb5 43. Rf1 Nc4 44. Rg1 Kb4 45. g5 hxg5 46. hxg5 Ne5 47. Nd4 Kc4 48. Ne2 Ra7 49. Kb1 Rb7+ 50. Kc1 Ra7 51. Kb1 Rb7+ 52. Kc1 1/2-1/2

[Event "Groningen Atlantis IM"]
[Site "Groningen"]
[Date "2011.08.12"]
[Round "5"]
[White "Van Assendelft, Floris"]
[Black "Lambrechts, Koen"]
[Result "1-0"]
[WhiteElo "2393"]
[BlackElo "2255"]
[PlyCount "71"]
[EventDate "2011.08.08"]
[EventType "tourn"]
[EventRounds "9"]
[EventCountry "NED"]
[EventCategory "3"]
[SourceTitle "CBM 143 Extra"]
[Source "ChessBase"]
[SourceDate "2011.08.29"]
[SourceVersion "1"]
[SourceVersionDate "2011.08.29"]
[SourceQuality "1"]

1. e4 c6 2. d4 d5 3. e5 Bf5 4. Nf3 e6 5. Nbd2 Nd7 6. Nb3 Ne7 7. c3 Nc8 8. Be2 Be7 9. 0-0 0-0 10. h3 Ncb6 11. Nh2 f6 12. g4 Bg6 13. f4 fxe5 14. dxe5 c5 15. Bf3 Kh8 16. Bg2 Qc7 17. Kh1 Rad8 18. Qe1 Nc4 19. Qg3 Qb6 20. Nf3 Be4 21. h4 a5 22. Rf2 a4 23. Nbd2 Nxd2 24. Bxd2 Qxb2 25. Raf1 Qb6 26. Ng5 Bxg2+ 27. Kxg2 Bxg5 28. hxg5 g6 29. Rh1 Rde8 30. Rh6 Rf7 31. f5 Qb1 32. fxg6 Qe4+ 33. Kh2 Rxf2+ 34. Qxf2 Rf8 35. Rxh7+ Kg8 36. Rh8+ 1-0

[Event "Groningen Atlantis IM"]
[Site "Groningen"]
[Date "2011.08.09"]
[Round "2"]
[White "Afek, Yochanan"]
[Black "Lambrechts, Koen"]
[Result "1-0"]
[WhiteElo "2298"]
[BlackElo "2255"]
[PlyCount "97"]
[EventDate "2011.08.08"]
[EventType "tourn"]
[EventRounds "9"]
[EventCountry "NED"]
[EventCategory "3"]
[SourceTitle "CBM 143 Extra"]
[Source "ChessBase"]
[SourceDate "2011.08.29"]
[SourceVersion "1"]
[SourceVersionDate "2011.08.29"]
[SourceQuality "1"]

1. e4 g6 2. d4 Bg7 3. Nc3 d6 4. Be3 a6 5. g3 Nc6 6. Bg2 e5 7. Nge2 Bg4 8. f3 Bd7 9. Qd2 exd4 10. Nxd4 Ne5 11. b3 h5 12. h3 Nc6 13. Nd5 Nce7 14. Nc3 Nc6 15. 0-0 Nxd4 16. Bxd4 Bxd4+ 17. Qxd4 Qf6 18. Qe3 Ne7 19. f4 Bc6 20. e5 Qe6 21. Ne4 Bxe4 22. Qxe4 d5 23. Qb4 0-0-0 24. Kh2 Nc6 25. Qa4 Na7 26. Rad1 Kb8 27. Qa5 h4 28. g4 c6 29. c4 d4 30. Qc5 Qd7 31. Rd3 Rhe8 32. Rfd1 Qc7 33. Rxd4 b6 34. Rxd8+ Rxd8 35. Rxd8+ Qxd8 36. Qf2 Kc7 37. g5 Nc8 38. Qxh4 Qd2 39. Qg3 Ne7 40. Qf3 Kd8 41. Kg1 Nf5 42. Qf2 Qc1+ 43. Kh2 c5 44. Be4 Ne3 45. Kg3 Ke7 46. Kf3 Nd1 47. Qe1 a5 48. a4 Qa1 49. Bc2 1-0

[Event "Pardubice Czech op 22nd"]
[Site "Pardubice"]
[Date "2011.07.30"]
[Round "9"]
[White "Studnicka, Tomas"]
[Black "Lambrechts, Koen"]
[Result "1-0"]
[WhiteElo "2374"]
[BlackElo "2255"]
[PlyCount "133"]
[EventDate "2011.07.22"]
[EventType "swiss"]
[EventRounds "9"]
[EventCountry "CZE"]
[SourceTitle "CBM 143 Extra"]
[Source "ChessBase"]
[SourceDate "2011.08.29"]
[SourceVersion "1"]
[SourceVersionDate "2011.08.29"]
[SourceQuality "1"]

1. d4 Na6 2. e4 c6 3. c3 Nc7 4. Bd3 g6 5. Ne2 Bg7 6. f4 d5 7. e5 Nh6 8. Ng3 Bd7 9. 0-0 Qc8 10. f5 Nxf5 11. Bxf5 Bxf5 12. Nxf5 gxf5 13. Qh5 Qe6 14. Rxf5 Qg6 15. Qh3 e6 16. Rg5 Qc2 17. Nd2 Bf8 18. Qf3 Bh6 19. Rg3 Bxd2 20. Qe2 Qxc1+ 21. Rxc1 Bxc1 22. Qc2 Bh6 23. Rh3 Bf8 24. Rxh7 Rxh7 25. Qxh7 c5 26. a4 b5 27. h4 bxa4 28. h5 Rb8 29. Qc2 Kd8 30. Qxa4 a6 31. Qc2 cxd4 32. cxd4 Nb5 33. Qd2 Kd7 34. Qf4 Be7 35. Qxf7 Nxd4 36. h6 Ne2+ 37. Kh2 Rb4 38. g3 Rxb2 39. Qf2 Bc5 40. Qf7+ Be7 41. h7 Nf4+ 42. Kg1 Rb1+ 43. Kf2 Nd3+ 44. Ke2 Nxe5 45. Qg7 Rh1 46. h8Q Rxh8 47. Qxh8 Nf7 48. Qa8 Ng5 49. Qxa6 Ke8 50. Ke3 Kf7 51. Kf4 Bf6 52. Kg4 Kg6 53. Qc8 Kf7 54. Kh5 Ne4 55. Qc7+ Be7 56. Kh6 Ng5 57. Qf4+ Bf6 58. Qg4 Ne4 59. Qh5+ Ke7 60. Kg6 Kd7 61. g4 Be7 62. Qh2 Nf6 63. Qe2 Ne4 64. Qb5+ Kd8 65. Qc6 Bd6 66. Kg7 Be5+ 67. Kh6 1-0

[Event "Pardubice Czech op 22nd"]
[Site "Pardubice"]
[Date "2011.07.27"]
[Round "6"]
[White "Sarkozy, Ladislav"]
[Black "Lambrechts, Koen"]
[Result "1/2-1/2"]
[WhiteElo "2364"]
[BlackElo "2255"]
[PlyCount "59"]
[EventDate "2011.07.22"]
[EventType "swiss"]
[EventRounds "9"]
[EventCountry "CZE"]
[SourceTitle "CBM 143 Extra"]
[Source "ChessBase"]
[SourceDate "2011.08.29"]
[SourceVersion "1"]
[SourceVersionDate "2011.08.29"]
[SourceQuality "1"]

1. e4 c5 2. Nf3 e6 3. d4 cxd4 4. Nxd4 a6 5. c4 d6 6. Nc3 Qc7 7. Be2 b6 8. 0-0 Bb7 9. Be3 Nf6 10. f3 Nbd7 11. a4 Ne5 12. b3 Be7 13. Rc1 0-0 14. f4 Ned7 15. Bf3 Rfd8 16. Bf2 Bf8 17. Re1 Rac8 18. g3 Qb8 19. f5 e5 20. Nc2 Qa8 21. Nb4 Rc7 22. Nbd5 Nxd5 23. Nxd5 Bxd5 24. Qxd5 Qb8 25. b4 Rdc8 26. Rc3 b5 27. axb5 Nb6 28. Bxb6 Qxb6+ 29. Kg2 axb5 30. Rec1 1/2-1/2

[Event "Pardubice Czech op 22nd"]
[Site "Pardubice"]
[Date "2011.07.26"]
[Round "5"]
[White "Bures, Jaroslav"]
[Black "Lambrechts, Koen"]
[Result "1-0"]
[WhiteElo "2380"]
[BlackElo "2255"]
[PlyCount "127"]
[EventDate "2011.07.22"]
[EventType "swiss"]
[EventRounds "9"]
[EventCountry "CZE"]
[SourceTitle "CBM 143 Extra"]
[Source "ChessBase"]
[SourceDate "2011.08.29"]
[SourceVersion "1"]
[SourceVersionDate "2011.08.29"]
[SourceQuality "1"]

1. e4 g6 2. d4 Bg7 3. Nc3 d6 4. Be3 a6 5. a4 b6 6. Qd2 Bb7 7. f3 Nd7 8. Bc4 c6 9. Nh3 e6 10. 0-0 Ngf6 11. Nf4 0-0 12. Rfd1 Qe7 13. Bf1 Rfd8 14. Qf2 c5 15. Nd3 Rac8 16. Nc1 d5 17. exd5 exd5 18. Re1 c4 19. Bh6 Qb4 20. Bxg7 Kxg7 21. Rb1 Nh5 22. N1a2 Qd6 23. g3 Re8 24. Rxe8 Rxe8 25. Re1 Nhf6 26. Rxe8 Nxe8 27. Qe3 Nc7 28. Bg2 Bc6 29. Qd2 Nf6 30. Kf2 Qd7 31. b3 cxb3 32. cxb3 Qf5 33. Nb4 Bb7 34. Kg1 a5 35. Nc2 Ba6 36. Ne3 Qe6 37. Kf2 Qd6 38. Nb1 Ne6 39. Bh3 Ng5 40. Nf5+ gxf5 41. Qxg5+ Kf8 42. Bxf5 Qc6 43. Qh6+ Ke7 44. Qe3+ Kd8 45. Nc3 h5 46. h4 Qc7 47. Nd1 Ne8 48. Qe5 Qc1 49. Qxd5+ Ke7 50. Qe4+ Kf8 51. Qc2 Qa1 52. Ke3 Nd6 53. Bd3 Bxd3 54. Qxd3 Nf5+ 55. Qxf5 Qxd1 56. Qd5 Qc1+ 57. Ke4 Qc7 58. Kf5 Qe7 59. Qe5 Qd7+ 60. Kg5 Qc6 61. d5 Qg6+ 62. Kf4 Qh6+ 63. Ke4 Qg6+ 64. Kd4 1-0

[Event "NRW Class2 1011"]
[Site "Germany"]
[Date "2011.01.09"]
[Round "5.5"]
[White "Becker, Joerg1111"]
[Black "Lambrechts, Koen"]
[Result "0-1"]
[WhiteElo "2227"]
[BlackElo "2156"]
[PlyCount "84"]
[EventDate "2010.09.26"]
[EventType "team-tourn"]
[EventRounds "9"]
[EventCountry "GER"]
[SourceTitle "EXT 2012"]
[Source "ChessBase"]
[SourceDate "2011.11.24"]
[SourceVersion "1"]
[SourceVersionDate "2011.11.24"]
[SourceQuality "1"]
[WhiteTeam "Herne Sodingen"]
[BlackTeam "Rheine Klein Berlin"]
[WhiteTeamCountry "GER"]
[BlackTeamCountry "GER"]

1. d4 e6 2. c4 b6 3. e4 Bb7 4. Nc3 Bb4 5. Qc2 Qh4 6. d5 Nf6 7. Bd3 Na6 8. Nf3 Qg4 9. 0-0 Bxc3 10. bxc3 Nc5 11. Re1 Qg6 12. Ba3 Nxd3 13. Qxd3 0-0-0 14. Rad1 Nh5 15. Bc1 d6 16. Nd4 e5 17. Nf5 Kb8 18. a4 Qf6 19. a5 g6 20. Ng3 Nf4 21. Bxf4 Qxf4 22. axb6 axb6 23. Re3 Qg5 24. Nf1 f5 25. exf5 gxf5 26. Rg3 Qf6 27. f4 Rhg8 28. Qf3 Ba6 29. Ra1 Bxc4 30. Ne3 Rxg3 31. hxg3 e4 32. Qd1 Qxc3 33. Nxc4 Qxc4 34. Rc1 Qb4 35. Kh2 Rg8 36. Rb1 Qc5 37. Qb3 Rg6 38. g4 Qf2 39. g5 Qxf4+ 40. Kg1 Qxg5 41. Rb2 Qc1+ 42. Kf2 e3+ 0-1

[Event "Groningen op-A"]
[Site "Groningen"]
[Date "2010.12.30"]
[Round "9"]
[White "Donchenko, Alexander"]
[Black "Lambrechts, Koen"]
[Result "0-1"]
[WhiteElo "2207"]
[BlackElo "2174"]
[PlyCount "92"]
[EventDate "2010.12.21"]
[EventType "swiss"]
[EventRounds "9"]
[EventCountry "NED"]
[SourceTitle "CBM 140 Extra"]
[Source "ChessBase"]
[SourceDate "2011.03.01"]
[SourceVersion "1"]
[SourceVersionDate "2011.03.01"]
[SourceQuality "1"]

1. d4 e6 2. c4 b6 3. g3 Bb7 4. Nf3 f5 5. Bg2 Nf6 6. 0-0 Be7 7. d5 Qc8 8. Nc3 0-0 9. a3 Re8 10. Re1 a5 11. Nd4 exd5 12. cxd5 g6 13. Bf4 Na6 14. Rc1 d6 15. Ncb5 Qd7 16. b4 axb4 17. axb4 Bd8 18. Qb3 Qf7 19. Ne6 Rb8 20. Nbd4 Nh5 21. Bh6 Bf6 22. Nb5 Re7 23. Nexc7 Nxc7 24. Nxd6 Bxd5 25. Qd3 Be4 26. Nxe4 fxe4 27. Bxe4 Qe6 28. Bf3 Kh8 29. Rc6 Qf7 30. Be3 Rd7 31. Rd6 Rbd8 32. Rxd7 Rxd7 33. Qc2 b5 34. Bc6 Rd8 35. Qc5 Ng7 36. Qa7 Qe7 37. Bb6 Nge6 38. Qa5 Bd4 39. e3 Bxb6 40. Qxb6 Qxb4 41. Ra1 Qd2 42. Ra7 Rf8 43. f4 Rd8 44. Bf3 Qc1+ 45. Kf2 Rd2+ 46. Be2 Qc4 0-1